<?xml version="1.0" encoding="UTF-8"?>
<marc:record xmlns:marc="http://www.loc.gov/MARC21/slim">
   <marc:leader>00000nam a2200000 a 4500</marc:leader>
   <marc:datafield ind1="1" ind2=" " tag="100">
      <marc:subfield code="a">Peinkofer, Michael</marc:subfield>
      <marc:subfield code="4">aut</marc:subfield>
      <marc:subfield code="e">Verfasser/-in</marc:subfield>
   </marc:datafield>
   <marc:datafield ind1=" " ind2=" " tag="653">
      <marc:subfield code="a">Antolin</marc:subfield>
   </marc:datafield>
   <marc:datafield ind1=" " ind2=" " tag="653">
      <marc:subfield code="a">Kinderbande</marc:subfield>
   </marc:datafield>
   <marc:datafield ind1=" " ind2=" " tag="653">
      <marc:subfield code="a">Klasse-3</marc:subfield>
   </marc:datafield>
   <marc:datafield ind1=" " ind2=" " tag="653">
      <marc:subfield code="a">Roboter</marc:subfield>
   </marc:datafield>
   <marc:datafield ind1=" " ind2=" " tag="653">
      <marc:subfield code="a">Weltall</marc:subfield>
   </marc:datafield>
   <marc:datafield ind1=" " ind2=" " tag="653">
      <marc:subfield code="a">Abenteuerreise</marc:subfield>
   </marc:datafield>
   <marc:datafield ind1="0" ind2="0" tag="245">
      <marc:subfield code="a">Das Monster aus Metall</marc:subfield>
   </marc:datafield>
   <marc:datafield ind1=" " ind2="1" tag="264">
      <marc:subfield code="b">Carlsen</marc:subfield>
   </marc:datafield>
   <marc:datafield ind1="1" ind2=" " tag="490">
      <marc:subfield code="a">Sternenritter</marc:subfield>
   </marc:datafield>
   <marc:datafield ind1="1" ind2=" " tag="520">
      <marc:subfield code="a">Fünfter "Sternenritter"-Band (Band 4: "Sternenritter - Verrat auf dem Feuerstern"). - Der finstere Graf Atrox hat Botty entführt! Die Sternenritter zögern keine Sekunde lang und machen sich sofort auf den Weg nach Zinthos, um ihren Roboter-Freund zu befreien. Zinthos entpuppt sich als unwirtlicher Ort voller Weltraumschrott - doch viel schlimmer scheint dessen gewaltiger Herrscher zu sein, das Monster Zinthos von Zinthos. Seine mörderischen Klauen und sein riesiges Schrottmaul jagen den Sternenrittern einen gehörigen Schrecken ein, doch Mia gelingt es mit dem Monster in Kontakt zu treten - und das ist so beeindruckt vom selbstlosen Kodex der Sternenritter, dass es tatsächlich von ihnen ablässt und Botty freigibt. Auch der 5. Band kann mit einer rasanten Geschichte, Witz, Spannung und einem coolen Cover überzeugen und kann als Lesefutter für Jungs, die den klassischen Erstlesebüchern entwachsen sind, allen Bibliotheken gern empfohlen werden.</marc:subfield>
   </marc:datafield>
   <marc:datafield ind1=" " ind2=" " tag="020">
      <marc:subfield code="a">9783551652355</marc:subfield>
      <marc:subfield code="9">9783551652355</marc:subfield>
   </marc:datafield>
</marc:record>
